| 000 | 00749cam a22002413a 4500 | ||
|---|---|---|---|
| 001 | 6894 | ||
| 003 | PGUSA | ||
| 005 | 20140828083138.0 | ||
| 008 | 041101s2004||||xxu|||||s|||||000 | eng d | ||
| 040 |
_aPGUSA _beng |
||
| 042 | _adc | ||
| 050 | 4 | _aF850.5 | |
| 100 | 1 |
_aField, Maria Antonia, _d1885- |
|
| 245 | 1 | 0 |
_aChimes of Mission Bells; an historical sketch of California and her missions _h[electronic resource] / _cMaria Antonia Field |
| 260 |
_bProject Gutenberg, _c2004 |
||
| 506 | _aPublic domain in the USA. | ||
| 516 | _aElectronic text | ||
| 653 | _aSpanish mission buildings -- California | ||
| 653 | _aMissions -- California | ||
| 830 | 0 |
_aProject Gutenberg _v6894 |
|
| 856 | 4 | 0 | _uhttp://www.gutenberg.org/ebooks/6894 |
| 942 | _cEB | ||
| 999 |
_c236214 _d236214 |
||